Антенны с малой радиозаметностью (Запись № 1769137)

Подробности
000 -МАРКЕР
контрольное поле 01842nam0a2200373 4500
001 - ИДЕНТИФИКАТОР ЗАПИСИ
контрольное поле RU\NLR\bibl\1802546
005 - ИДЕНТИФИКАТОР ВЕРСИИ
контрольное поле 20250616150832.0
010 ## - МЕЖДУНАРОДНЫЙ СТАНДАРТНЫЙ НОМЕР КНИГИ (ISBN)
Номер (ISBN) 978-5-02-025476-3
Тираж 1000
021 ## - НОМЕР ГОСУДАРСТВЕННОЙ РЕГИСТРАЦИИ
Код страны российская федерация
Номер 2011-57701
Номер Листа государственной регистраци 4089
035 ## - ДРУГИЕ СИСТЕМНЫЕ НОМЕРА
Идентификатор записи (NLR Aleph) 001793201
100 ## - ДАННЫЕ ОБЩЕЙ ОБРАБОТКИ
Данные общей обработки 20110829d2011 |||y0rusy50 ca
101 0# - ЯЗЫК РЕСУРСА
Язык текста, звукозаписи и т.д. русский
102 ## - СТРАНА ПУБЛИКАЦИИ ИЛИ ПРОИЗВОДСТВА
Страна публикации российская федерация
105 ## - ПОЛЕ КОДИРОВАННЫХ ДАННЫХ: ТЕКСТОВЫЕ МАТЕРИАЛЫ, МОНОГРАФИЧЕСКИЕ
Кодированные данные о монографическом текстовом документе a |||||||||
200 1# - ЗАГЛАВИЕ И СВЕДЕНИЯ ОБ ОТВЕТСТВЕННОСТИ
Основное заглавие Антенны с малой радиозаметностью
Сведения, относящиеся к заглавию монография
Первые сведения об ответственности В.Н. Красюк, А.А. Оводенко, А.Р. Бестугин, М.Б. Рыжиков
Последующие сведения об ответственности под ред. засл. деятелей науки РФ, профессоров, д-ров техн. наук В.Н. Красюка, А.А. Оводенко
210 ## - ПУБЛИКАЦИЯ, РАСПРОСТРАНЕНИЕ И ДР.
Место издания, распространения и т.д. Санкт-Петербург
Имя издателя, распространителя и т. д. Наука
Дата издания, распространения и т.д. 2011
215 ## - ФИЗИЧЕСКАЯ ХАРАКТЕРИСТИКА
Специфическое обозначение материала и объем 671 с.
Другие сведения о физической характеристике ил.
Размеры 24
300 ## - ОБЩИЕ ПРИМЕЧАНИЯ
Текст примечания На суперобл.: К 70-летию ГУАП и 50-летию полета Ю.А. Гагарина в космос
320 ## - ПРИМЕЧАНИЯ О НАЛИЧИИ В ДОКУМЕНТЕ БИБЛИОГРАФИИ / УКАЗАТЕЛЯ
Текст примечания Библиогр.: с. 663-672 (164 назв.)
606 1# - НАИМЕНОВАНИЕ ТЕМЫ КАК ПРЕДМЕТ
Наименование темы Бортовые антенны
Системный номер авторитетной/нормативной записи 2332793
Идентификатор авторитетной/нормативной записи RU\NLR\auth\661394878
606 1# - НАИМЕНОВАНИЕ ТЕМЫ КАК ПРЕДМЕТ
Наименование темы Военные летательные аппараты
Тематический подзаголовок Антенны
-- Снижение заметности
Системный номер авторитетной/нормативной записи 2626046
Идентификатор авторитетной/нормативной записи RU\NLR\auth\661562606
686 ## - ИНДЕКСЫ ДРУГИХ КЛАССИФИКАЦИЙ
Индекс О561.1
686 ## - ИНДЕКСЫ ДРУГИХ КЛАССИФИКАЦИЙ
Индекс Ц651.43
701 #1 - ИМЯ ЛИЦА - АЛЬТЕРНАТИВНАЯ ОТВЕТСТВЕННОСТЬ
Начальный элемент ввода Красюк
Часть имени, кроме начального элемента ввода В. Н.
Расширение инициалов личного имени Владимир Николаевич
Код отношения Автор
701 #1 - ИМЯ ЛИЦА - АЛЬТЕРНАТИВНАЯ ОТВЕТСТВЕННОСТЬ
Код отношения Автор
Начальный элемент ввода Оводенко
Часть имени, кроме начального элемента ввода А. А.
Даты 1947-
Расширение инициалов личного имени Анатолий Аркадьевич
Системный номер авторитетной/нормативной записи 156188
Идентификатор авторитетной/нормативной записи RU\NLR\AUTH\770156227
701 #1 - ИМЯ ЛИЦА - АЛЬТЕРНАТИВНАЯ ОТВЕТСТВЕННОСТЬ
Начальный элемент ввода Бестугин
Часть имени, кроме начального элемента ввода А. Р.
Расширение инициалов личного имени Александр Роальдович
Код отношения Автор
701 #1 - ИМЯ ЛИЦА - АЛЬТЕРНАТИВНАЯ ОТВЕТСТВЕННОСТЬ
Начальный элемент ввода Рыжиков
Часть имени, кроме начального элемента ввода М. Б.
Расширение инициалов личного имени Максим Борисович
Код отношения Автор
801 #0 - ИСТОЧНИК ЗАПИСИ
Страна российская федерация
Организация NLR
Дата составления 20110829
Правила каталогизации RCR
801 #1 - ИСТОЧНИК ЗАПИСИ
Страна российская федерация
Организация NLR
Дата составления 20110829
830 ## - ОБЩЕЕ ПРИМЕЧАНИЕ, СОСТАВЛЕННОЕ КАТАЛОГИЗАТОРОМ
Текст примечания авт. по кн.
942 ## - ДОПОЛНИТЕЛЬНЫЕ ЭЛЕМЕНТЫ ЗАПИСИ (АБИС)
Тип экземпляра АБИС Книга
980 ## - КОЛЛЕКЦИЯ
Название коллекции Национальная библиография
Экземпляры
Тип экземпляра Дата поступления Источник поступления Библиотека постоянного хранения Библиотека текущего хранения Место хранения Шифр хранения Штрих-код Статус не для выдачи Стоимость
Книга 29.08.2011 Обязательный экземпляр РНБ (Московский) РНБ (Московский) Русский книжный фонд: издания с 1957 года, 8этаж 2011-7/4358 1-1937144    
Книга 29.08.2011 Обязательный экземпляр РНБ (Московский) РНБ (Московский) Русский книжный фонд: издания с 1957 года, 8этаж 2011-7/4358 3477043    
Книга 23.01.2012 Покупка РНБ (Московский) РНБ (Московский) Фонд общего зала литературы по технике Т1 О56/А-720 1-319041   1086.00
Книга 23.01.2012 Покупка РНБ (Садовая) РНБ (Садовая) Универсальный читальный зал У О561/А-720 1-252387   1086.00
Книга 05.02.2015 Покупка РНБ (Садовая) РНБ (Садовая) Фонд международного книгообмена   1-646409   1086.00